highest grossing supernatural movies - Statistics

General Stats
  • This quiz has been taken 16 times
  • The average score is 9 of 15
Answer Stats
year starring gross film % Correct
1990 Patrick Swayze $482 million Ghost
86%
1984 Bill Murray $667 million Ghostbusters
86%
2003 Johnny Depp $474 million Pirates of the Caribbean: The Curse of the Black Pearl
86%
1973 Ellen Burstyn $1.03 billion The Exorcist
79%
2017 Bill Skarsgård $342 million It
64%
2009 Kristin Stewart $367 million The Twilight Saga: New Moon
64%
1999 Bruce Willis $539 million The Sixth Sense
57%
2011 Ashley Greene $336 million The Twilight Saga: Breaking Dawn - Part 1
57%
2012 Taylor Lautner $340 million The Twilight Saga: Breaking Dawn - Part 2
57%
2010 Robert Pattinson $365 million The Twilight Saga: Eclipse
57%
2007 Orlando Bloom $421 million Pirates of the Caribbean: At World's End
50%
2006 Keira Knightley $605 million Pirates of the Caribbean: Dead Man's Chest
50%
2001 Brenden Fraser $334 million The Mummy Returns
36%
1978 Warren Beatty $326 million Heaven Can Wait
21%
1979 Margot Kidder $322 million The Amityville Horror
7%
No matching quizzes found
Score Distribution
Percent of People with Each Score
Percentile by Number Answered
Your Score History
You have not taken this quiz